La doctrina moral de los profetas de Israel
Salvato in:
| Autore principale: | |
|---|---|
| Natura: | Libro |
| Lingua: | spagnolo |
| Pubblicazione: |
Madrid
Taurus
1962
|
| Serie: | El Futuro de la Verdad, 3
|
| Soggetti: | |
| Tags: |
Aggiungi Tag
Nessun Tag, puoi essere il primo ad aggiungerne!!
|
MARC
| LEADER | 00000nam a2200000 a 4500 | ||
|---|---|---|---|
| 001 | UCL1224 | ||
| 003 | CL-VaPUC | ||
| 008 | 030905e19620000SP |||||||||||||||||spa|d | ||
| 082 | 0 | 4 | |a 224 |b TRE |2 21 |
| 100 | 0 | |a Tresmontant, Claude |e author |9 478119 | |
| 245 | 1 | 3 | |a La doctrina moral de los profetas de Israel |
| 300 | |a 212 p | ||
| 942 | |c BK | ||
| 945 | |d 20030905 00:00:00 |a vberengu | ||
| 260 | |a Madrid |b Taurus |c 1962 | ||
| 650 | 0 | |a Profetas |9 314377 | |
| 583 | |a last modification |c 20030905 00:00:00 |k Rodrigo Vera | ||
| 490 | 0 | |a El Futuro de la Verdad, 3 | |
| 999 | |c 304868 |d 304866 | ||
| 952 | |0 0 |1 0 |4 0 |6 224_000000000000000_TRE_1962 |7 0 |8 A |9 367676 |a BIBTEO |b BIBTEO |d 2019-11-21 |i 2076144 |o 224 TRE 1962 |p 2076144 |r 2025-01-17 |w 2019-11-21 |y BK |k ICR | ||